| 000 | 01044nam a22002897a 4500 | ||
|---|---|---|---|
| 003 | OSt | ||
| 005 | 20220531084004.0 | ||
| 008 | 201030e2011 dr ab||b i||| 00| 0 spa d | ||
| 020 | _a978-9945-12-268-8 | ||
| 040 |
_aDO-SdBNP _bspa _cBNPHU |
||
| 041 | 0 | 1 | _hspa |
| 082 |
_axxx. _bF723h |
||
| 240 | _a[Religión.] | ||
| 245 | _aFormación integral humana 4 : educación media / | ||
| 260 |
_aSanto Domingo : _bSusaeta , Grupo Edebé , _c2011 . |
||
| 300 |
_a112 pg. ; _c26 cm . |
||
| 490 | 1 |
_aBuscando a Jesús ; _v4 educació media |
|
| 500 | _aTítulo original: religión | ||
| 505 | _a- Conecta T: Una visita enriquecedora.- - Conecta T: soy Agustín de Hipono | ||
| 505 | _a3.- La iglesia se extiende por Europa (págs. 42-53).- | ||
| 505 | _a- Conecta T: soy Teresa de Jesús.- | ||
| 505 | _a6- La iglesia de los humildes (págs. 66-77).- | ||
| 505 | _a7.- Una luz en la oscuridad (págs. 78-89).- | ||
| 505 | _a8.- La iglesia en el mundo de hoy (págs. 90-101). | ||
| 830 |
_n4 educación media. _977076 |
||
| 942 |
_2ddc _cLBS1 |
||
| 999 |
_c48991 _d48991 |
||